000
00301 a2200157 4500
001
177370
020
_a
040
_c
Magnum
100
_a
Portela, Fernando
240
1
0
_a
China
_l
por
245
1
0
_a
China
362
0
_a
1899
440
1
_a
Ática
697
_a
MAGNITO: PARADIDATICO
942
_c
BK
999
_c
177370
_d
177370